000 nam a22 7a 4500
999 _c7846
_d7846
008 171028b xxu||||| |||| 00| 0 eng d
020 _a9780323073240
100 _aFrank, Eugene D
_94318
245 _aRadiographic Positioning and Procedures
250 _a12th edition
260 _aNew Delhi
_bElsevier Publication
_c2012